000
00243nam a2200097Ia 4500
001
680162
005
20250826161336.0
008
250824s9999 xx 000 0 und d
245
0
_a
HAVUZ PARTİSİ
_c
JUDY DELTON
260
_b
GÜNIŞIĞI KİTAPLIĞI
999
_c
680162
_d
680162